Guess the Bruno Mars Song #2 - Statistics

General Stats
  • This quiz has been taken 132 times
  • The average score is 172 of 288
Answer Stats
% Correct
I
95%
a
93%
the
84%
The
84%
you
84%
You
84%
are
68%
your
67%
When
66%
when
66%
and
65%
And
65%
me
65%
to
65%
Just
64%
just
64%
Oh
64%
that
64%
so
62%
So
62%
way
62%
girl
61%
Girl
61%
her
61%
Her
61%
Do
60%
she
60%
She
60%
then
60%
eyes
59%
look
59%
you're
59%
amazing
58%
like
58%
not
58%
see
56%
smile
56%
beautiful
55%
'Cause
55%
hair
55%
day
54%
thing
54%
face
53%
know
53%
what
53%
world
53%
change
52%
for
52%
Make
52%
would
52%
every
51%
stops
51%
There's
51%
ask
49%
if
49%
If
49%
say
49%
tell
49%
it's
48%
while
48%
whole
48%
Yeah
48%
She's
47%
everyday
46%
all
45%
don't
44%
stars
44%
I'd
42%
perfectly
42%
time
42%
I'll
41%
they're
41%
never
40%
okay?
40%
okay
40%
lips
39%
asks
38%
But
38%
but
38%
could
38%
kiss
38%
shinin'
38%
them
38%
tryin'
38%
without
35%
believe
34%
Falls
34%
stares
34%
won't
34%
let
32%
think
32%
laugh
31%
sexy
29%
Sad
27%
same
26%
she'd
25%
stay
25%
compliment
24%
hates
24%
searchin'
20%
perfect's
19%
askin'
18%
even
16%
bother
12%
No matching quizzes found
Score Distribution
Percent of People with Each Score
Percentile by Number Answered
Your Score History
You have not taken this quiz